Papers presented at the second session on the working party on small- scale fisheries

সংরক্ষণ করুন:
গ্রন্থ-পঞ্জীর বিবরন
বিন্যাস: গ্রন্থ
ভাষা:Undetermined
প্রকাশিত: Rome FAO 2004
বিষয়গুলি:
ট্যাগগুলো: ট্যাগ যুক্ত করুন
কোনো ট্যাগ নেই, প্রথমজন হিসাবে ট্যাগ করুন!
Thư viện lưu trữ: Trung tâm Học liệu Trường Đại học Cần Thơ
LEADER 00512nam a2200169Ia 4500
001 CTU_93114
008 210402s9999 xx 000 0 und d
082 |a 639.3 
082 |b F686 
245 0 |a Papers presented at the second session on the working party on small- scale fisheries 
245 0 |c Benedict P. Satia, Derek Staples edited 
260 |a Rome 
260 |b FAO 
260 |c 2004 
650 |a Fisheries,Fishery 
904 |i Mai Loan,Hải 
980 |a Trung tâm Học liệu Trường Đại học Cần Thơ